00488pab a2200157 454500008004000000100001600040245004700056260000900103300001300112362001300125650002600138773003400164909001000198999001700208952010500225180718b1987 xxu||||| |||| 00| 0 eng d aNinan, K.N. aEdible oilseedsbGrowth and area responses c1987 aA-97-110 a26 Sept. aOils and Fats, Edible aEconomic and Political Weekly a14370 c14370d14370 00104070aIIPAbIIPAd2018-07-19hVolume no: 22, Issue no: 39pAR14413r2018-07-19w2018-07-19yAR